| 000 | 00715nam a22002177a 4500 | ||
|---|---|---|---|
| 999 |
_c14523 _d14523 |
||
| 003 | AR-CdUCM | ||
| 008 | 190423b ||||| |||| 00| 0 spa d | ||
| 020 | _a978-84-683-0584-4 | ||
| 040 |
_aMUNICIPALIDAD PROVINCIAL DEL CUSCO _cBIBLIOTECA MUNICIPAL DEL CUSCO |
||
| 082 |
_aEP / 808.06 / _bS52 |
||
| 100 |
_aSierra i Fabra, Jordi _932979 |
||
| 245 | _aEl traje del nuevo emperador / | ||
| 260 |
_aBarcelona : _bEdebé, _c2012. |
||
| 300 |
_a20 páginas ; _bIlustraciones, _c29 cm. |
||
| 440 |
_aCuentos tradicionales para el siglo XXI ; _933325 |
||
| 650 |
_aLiteratura infantil _9588 |
||
| 650 |
_aCuento infantil _93319 |
||
| 700 |
_aRovira, Francesc _925824 |
||
| 942 |
_2ddc _cLIBROS |
||
| 945 |
_aacv _d2019-04-23 |
||